000 00551pab a2200205 454500
008 180718b2008 xxu||||| |||| 00| 0 eng d
100 _aSatyanarayana, P.
245 _aA summary review of research in distance education in India
260 _c2008
300 _ap.44-49.
362 _a4 Feb
650 _aResearch - India
650 _aEducational research - India
650 _aDistance education - India
650 _aDistance education
700 _aMeduri, Emmanuel D.K.
773 _aUniversity News
908 _aN
909 _a77157
999 _c77157
_d77157